| 000 | 01225cam a22003011 4500 | ||
|---|---|---|---|
| 999 |
_c27291 _d27291 |
||
| 001 | 10271623 | ||
| 003 | OSt | ||
| 005 | 20170208091720.0 | ||
| 008 | 720817s1956 nyuac bc 000 0beng | ||
| 010 | _a 56000322 | ||
| 015 | _aGB56-9295 | ||
| 035 | _a(OCoLC)384752 | ||
| 040 |
_aDLC _cOClU _dOCoLC _dTxLT _dOCoLC _dUk _dDLC |
||
| 042 | _apremarc | ||
| 050 | 0 | 0 | _aND237.B89B3 1956 |
| 082 |
_a927.5 _a[759.13] |
||
| 100 | 1 |
_aBaur, John I. H. _q(John Ireland Howe), _d1956. |
|
| 245 | 0 | 0 |
_aCharles Burchfield. _c[Research by Rosalind Irvine] |
| 260 |
_aNew York, _bPublished for the Whitney Museum of American Art by Macmillan, _c1956. |
||
| 300 |
_a86 p. _b75 illus. (part col.) port. _c27 cm. |
||
| 500 | _a"This book grew out of a retrospective exhibition of Charles Burchfield's paintings and drawings, held at the Whitney Museum of American Art in January and February, 1956." | ||
| 504 | _aBibliography: p. [82]-85. | ||
| 600 | 1 | 0 |
_aBurchfield, Charles Ephraim, _d1893-1967. |
| 710 | 2 | _aWhitney Museum of American Art. | |
| 906 |
_a7 _bcbc _coclcrpl _du _encip _f19 _gy-gencatlg |
||
| 942 |
_2lcc _cBOOKS _hND237.B89B3 1956 _k33960 |
||